000
00207 a2200097 4500
001
14060
100
_a
Harrison G.B
245
_a
Book of english poetry
260
_a
_b
Penguin bo
_c
090
_c
11013
_d
11013
942
_a
NUST-CAE
_c
M
_c
1130
999
_c
249133
_d
249133